Spartacus : international gay guide 2010

Gespeichert in:
Bibliographische Detailangaben
Format: Buch
Sprache:Englisch
Veröffentlicht: Berlin : Bruno Gmünder Verlag GMBH, 2010
Ausgabe:39th edition
Tags: Tag hinzufügen
Keine Tags, Fügen Sie das erste Tag hinzu!

MARC

LEADER 00000nam a22000007a 4500
005 20240227144300.0
008 240227b |||||||| |||| 00| 0 eng d
040 |c C 
245 0 0 |a Spartacus :  |b international gay guide 2010 
250 |a 39th edition 
260 |a Berlin :  |b Bruno Gmünder Verlag GMBH,  |c 2010 
942 |2 ddc  |c BK  |n 0 
952 |0 0  |1 0  |2 ddc  |4 0  |6 910_202000000000000_GMU_SPA  |7 1  |9 748  |a GE  |b GE  |d 2015-12-10  |l 0  |o 910.202 GMU SPA  |p 2871  |r 2024-02-27 14:42:26  |w 2024-02-27  |y BK 
999 |c 703  |d 703